00953nam a2200181 i 4500001000700000003000900007005001700016008004100033100005400074245010000128260006700228300002000295505021900315630007000534852002500604999001900629952012300648187689ES-MaACL20240828063033.0180117m19451956sp |||| | spa d1 aCastañeda y Alcover, Vicente,d1884-195893641410aÍndices del Boletín de la Real Academia de la Historia / cpor Vicente Castañeda Alcover. aMadrid : b[s.n.], c1945-1956 (fViuda de Estanislao Maestre) a2 v. ; c25 cm.8 aContiene: Tomos I al CXV (1877-1944): índice cronológico -- Suplemento primero, tomos CXVI-CXXXVII (1945-1955) : índices cronológico, de autores y nombres propios, de materias y geográfico, de láminas 0aBoletín de la Real Academia de la Historia-vÍndices.9164092 aES-MaACLjL-31855-56 c187689d187689 00104070aATENEOMbATENEOMcDEPOd2018-01-17eSCl0oL31855-56p1198269r2023-02-23 00:00:00w2023-02-23yMONOGRAFIA